Trade barriers and the promotin of Hong Kong exports
Gespeichert in:
| 1. Verfasser: | |
|---|---|
| Format: | Buch |
| Sprache: | Undetermined |
| Veröffentlicht: |
Hong Kong
The Chinese University Press
1980
|
| Schlagworte: | |
| Tags: |
Tag hinzufügen
Keine Tags, Fügen Sie den ersten Tag hinzu!
|
| Thư viện lưu trữ: | Trung tâm Học liệu Trường Đại học Cần Thơ |
|---|
| LEADER | 00559nam a2200193Ia 4500 | ||
|---|---|---|---|
| 001 | CTU_92056 | ||
| 008 | 210402s9999 xx 000 0 und d | ||
| 082 | |a 382.095125 | ||
| 082 | |b L735 | ||
| 100 | |a Tzong-Biau Lin | ||
| 245 | 0 | |a Trade barriers and the promotin of Hong Kong exports | |
| 245 | 0 | |c Tzong-Biau Lin, Victor Mok | |
| 260 | |a Hong Kong | ||
| 260 | |b The Chinese University Press | ||
| 260 | |c 1980 | ||
| 650 | |a economic,trade | ||
| 650 | |z Hong Kong,Hong Kong | ||
| 904 | |i Nguyên | ||
| 980 | |a Trung tâm Học liệu Trường Đại học Cần Thơ | ||